| 000 | 00837nam a22002897a 4500 | ||
|---|---|---|---|
| 003 | OSt | ||
| 005 | 20251014122503.0 | ||
| 007 | ta | ||
| 008 | 250912s2023 ag ||||| |||| 00| 0 spa d | ||
| 020 | _a9786319017632 | ||
| 040 | _ccj catamarca | ||
| 082 | _a343.1 M827 II | ||
| 100 | 1 | 0 |
_9269 _aMorabito, Rodrigo |
| 245 | 1 | 3 | _aLa jurisprudencia penal de la Corte de Justicia de Catamarca |
| 250 | _a2º ed. | ||
| 260 |
_aTucuman _bBibliotex _c2023 |
||
| 300 |
_aV.2, 679 p. _c23 cm |
||
| 500 | _aINVENTARIO Nº 8102 | ||
| 650 | 7 | _2SAIJ | |
| 653 | _aDERECHO PENAL | ||
| 653 | _aCORTE DE JUSTICIA-CATAMARCA | ||
| 653 | _aJURISPRUDENCIA | ||
| 653 | _aJURISPRUDENCIA PENAL | ||
| 653 | _aJURISPRUDENCIA-CATAMARCA | ||
| 856 | _uhttps://drive.google.com/file/d/1SEIznTyLZU5uWDyxASjixqvckipnfFyH/view?usp=sharing | ||
| 942 |
_2ddc _cBK _n0 |
||
| 999 |
_c6484 _d6484 |
||